¿Qué oyes? / (Registro nro. 10210)

Detalles MARC
000 -LIDER
fixed length control field 00626nam a2200229 4500
001 - NÚMERO DE CONTROL
Identificador de número de control 4502
003 - IDENTIFICACDOR DE NÚMERO DE CONTROL
control field DO-SdBNP
005 - DATE AND TIME OF LATEST TRANSACTION
control field 20180226110224.0
007 - CAMPOS FIJOS DE DESCRIPCIÓN FÍSICA
fixed length control field 4502
008 - ELEMENTOS DE LONGITUD FIJA
fixed length control field 160524b 1990 ag |||| 00| 0 spa d
040 ## - FUENTE DE CATALOGACIÓN
Agencia que crea de manera original el registro BPMSU
Idioma de catalogación spa
Agencia que realiza la transcripción BPMSU
100 ## - ASIENTO PRINCIPAL -- NOMBRE PERSONAL
Nombre personal Colella, Olga
245 ## - MENCIÓN DE TITULO
Título ¿Qué oyes? /
Mención de responsabilidad Olga Colella ; ilustraciones Marek Mann
300 ## - DESCRIPCIÓN FÍSICA
Extensión 5 p. :
Otros detalles físicos il. ;
Dimensiones 19 cm.
490 ## - MENCIÓN DE SERIES
Mención de serie ¿Qué hacemos?
500 ## - NOTA GENERAL
Nota general Ideal para niños desde los 2 años
700 ## - ASIENTO SECUNDARIO -- NOMBRE PERSONAL
Nombre personal Mann, Marek
Mención de responsabilidad il.
830 ## - ASIENTO SECUNDARIO DE SERIE--TÍTULO UNIFORME
Título uniforme ¿Qué hacemos?
942 ## - ADDED ENTRY ELEMENTS (KOHA)
Source of classification or shelving scheme Dewey Decimal Classification
Koha item type Libros
945 ## - INFORMACIÓN DE PROCESAMIENTO LOCAL
Información de procesamiento local Inventariado, 2018 / BT
956 ## - LOCAL ELECTRONIC LOCATION AND ACCESS (OCLC)
Nombre de host VMATEO
Número de acceso 10
Información de compresión 20160524
Trayectoria BPMSU
Nombre Electrónico 0069
Existencias
Withdrawn status Lost status Source of classification or shelving scheme Damaged status Not for loan Collection code Home library Current library Date acquired Source of acquisition Total Checkouts Barcode Date last seen Price effective from Koha item type
    Dewey Decimal Classification     Colección Infantil General Biblioteca Pública Metropolitana Salomé Ureña Biblioteca Pública Metropolitana Salomé Ureña 05/24/2016 Sin sellar   BPMSU16050436 05/24/2016 05/24/2016 Libros